000 02564cgm a2200565Ia 4500
003 data
005 20260322212039.0
007 data
008 data
020 _a1415755469
020 _a9781415755464
024 1 0 _a097361196947
024 1 _a097361196961
028 4 2 _a119694
_bDreamWorks Pictures
037 _bMidwest Tape
_nhttp://www.midwesttapes.com
040 _aTEFMT
_cTEFMT
_dGK8
_dTEF
_dOCL
_dBKX
_dMR0
_dGK8
041 1 _aspa
_afre
_aspa
_jspa
_jfre
_jspa
_heng
043 _aev-----
082 0 4 _a791.43/72
_222
090 _aDVD 632
245 1 0 _aHow to train your dragon
_h[videorecording (DVD)] /
_cChris Sanders ... [et al.].
260 _a[United States] :
_bParamount Home Entertainment,
_cc2010.
300 _a1 videodisc (98 min.) :
_bsd., col. ;
_c4 3/4 in.
500 _aBased on the book by Cressida Cowell.
500 _aDVD release of the 2010 motion picture.
500 _aBonus features: trailers, featurettes, and commentary.
508 _aMusic, John Powell.
511 1 _aAmerica Ferrera, Christopher Mintz-Plasse, Craig Ferguson, Gerard Butler, Jay Baruchel, Jonah Hill, Kristen Wiig.
520 _aHiccup is a Viking teenager who aspires to hunt dragons, but doesn't exactly fit in with his tribe's longstanding tradition of heroic dragon slayers. His world gets turned upside down when he encounters a dragon that challenges him and his fellow Vikings to see the world from an entirely different point of view.
521 8 _aMPAA rating: PG; for sequences of intense action and some scary images, and brief mild language.
538 _aDVD ; widescreen presentation ; Dolby digital 5.1 surround (English, French and Spanish) and 2.0 stereo. surround (English).
546 _aIn English, French or Spanish, with optional subtitles in English, French or Spanish ; optional descriptive audio in English for the visually impaired. Closed-captioned.
650 0 _aVikings
_vJuvenile films.
650 0 _aDragons
_vJuvenile films.
650 0 _aAnimated films.
700 1 _aSanders, Chris
_q(Christopher Michael)
700 1 _aDeblois, Dean.
700 1 _aDavies, William.
700 1 _aFerrera, America,
_d1984-
700 1 _aMintz-Plasse, Christopher,
_d1989-
700 1 _aFerguson, Craig,
_d1962-
700 1 _aButler, Gerard,
_d1969-
700 1 _aBaruchel, Jay,
_d1982-
700 1 _aHill, Jonah,
_d1983-
700 1 _aWiig, Kristen,
_d1973-
710 2 _aDreamWorks Animation.
710 2 _aParamount Home Entertainment (Firm)
730 0 _aHow to train your dragon (Motion picture)
001 data
999 _c922
_d922